Thai women : (Record no. 10230)

MARC details
000 -LEADER
fixed length control field 00384nam a2200145 4500
001 - CONTROL NUMBER
control field 4304
005 - DATE AND TIME OF LATEST TRANSACTION
control field 20250505153645.0
008 - FIXED-LENGTH DATA ELEMENTS--GENERAL INFORMATION
fixed length control field 250505b
020 00 - INTERNATIONAL STANDARD BOOK NUMBER
International Standard Book Number 9780813526546
100 00 - MAIN ENTRY--PERSONAL NAME
Personal name Mills,Mary Beth.
245 00 - TITLE STATEMENT
Title Thai women :
Remainder of title in the global labor force/
Statement of responsibility, etc. Mills, Mary Beth.
260 00 - PUBLICATION, DISTRIBUTION, ETC.
Place of publication, distribution, etc. London:
Name of publisher, distributor, etc. Rutgers University Press,
Date of publication, distribution, etc. 2006.
300 00 - PHYSICAL DESCRIPTION
Extent 218 p. ; 25 cm.
942 ## - ADDED ENTRY ELEMENTS (KOHA)
Source of classification or shelving scheme Dewey Decimal Classification
Koha item type Main
Holdings
Withdrawn status Lost status Source of classification or shelving scheme Damaged status Not for loan Home library Current library Shelving location Date acquired Inventory number Total Checkouts Full call number Barcode Date last seen Price effective from Koha item type
    Dewey Decimal Classification     RTC Library RTC Library Main opac 05/05/2025 19291   331.412 MIL 30020509 05/05/2025 05/05/2025 Main
Royal Thimphu College || All Right Reserved